000 00931cam a2200229 4500
001 ABS62606
008 000000n2000 000 0 eng u
035 _a(Sirsi) u107413
100 _aCradick, K.
245 _aBack to the future
260 _c2000
490 _aNew Review
_v(45) August 2000, 6-7(2)
520 _aReviews progress of the renewable energy industry and looks at its planning track record. Highlights the working relationship between the renewables industry and the planning profession. Includes a table which summarises the planning status of all 933 renewable energy project contracted since 1990 under NFFO, the Scottish Renewables Obligation (SRO) and the Northern Ireland (NI) NFFO.
590 _aABS
650 _aRENEWABLE ENERGY INDUSTRY
650 _aPLANNING
650 _aNFFO
650 _aSCOTLAND
650 _aSRO
690 _aENVIRONMENTAL AND LAND CONSULTANCY-ENERGY
942 _n0
999 _c64214
_d64214